Prontuario para el cálculo de líneas aéreas de alta tensión / (Record no. 107762)

MARC details
000 -LEADER
campo de control de longitud fija 00635nam a2200169 4500
001 - NÚMERO DE CONTROL
campo de control 107762
003 - IDENTIFICADOR DE NÚMERO DE CONTROL
campo de control ES-MaACL
005 - FECHA Y HORA DE LA ÚLTIMA TRANSACCIÓN
campo de control 20230906184503.0
007 - CAMPO FIJO DE DESCRIPCIÓN FÍSICA--INFORMACIÓN GENERAL
campo de control de longitud fija t|
008 - DATOS DE LONGITUD FIJA--INFORMACIÓN GENERAL
campo de control de longitud fija 061121s1969 sp r ||||1| spa d
100 1# - ENTRADA PRINCIPAL--NOMBRE DE PERSONA
Nombre de persona Moreno Clemente, Julián.
9 (RLIN) 83352
245 10 - MENCIÓN DEL TÍTULO
Título Prontuario para el cálculo de líneas aéreas de alta tensión /
Mención de responsabilidad, etc. Julián Moreno Clemente.
260 ## - PUBLICACIÓN, DISTRIBUCIÓN, ETC.
Lugar de publicación, distribución, etc. Madrid :
Nombre del editor, distribuidor, etc. Colegio Oficial de Ingenieros Industriales de Andalucía Oriental y Murcia,
Fecha de publicación, distribución, etc. 1969.
300 ## - DESCRIPCIÓN FÍSICA
Extensión 162 p. ;
Dimensiones 4.
710 2# - ENTRADA AGREGADA--NOMBRE DE ENTIDAD CORPORATIVA
Nombre de entidad corporativa o nombre de jurisdicción como elemento de entrada Colegio Oficial de Ingenieros Industriales de Andalucía Oriental y Murcia.
9 (RLIN) 2969
852 ## - LOCALIZACIÓN
Ubicación ES-MaACL
Número de control de estantería C-42559
Sublocalización o colección R.71640
Holdings
Estatus retirado Estado de pérdida Estado de daño No para préstamo Biblioteca de origen Biblioteca actual Ubicación en estantería Fecha de adquisición Fuente de adquisición Total de préstamos Signatura topográfica completa Código de barras Visto por última vez Precio de reemplazo Tipo de ítem Koha
        Biblioteca del Ateneo de Madrid Biblioteca del Ateneo de Madrid Depósito 2 17/01/2008     C-42559 1112465 23/02/2023 23/02/2023 Libro impreso